| 000 | 00785nam a2200193 a 4500 | ||
|---|---|---|---|
| 001 | 000041719 | ||
| 005 | 20201002035722.0 | ||
| 008 | 131016s1987 sp 000 0 spa d | ||
| 020 | _a8400066502 | ||
| 040 |
_aDO-SdBNP _bspa _cBNPHU |
||
| 082 |
_axxx _bxxx |
||
| 100 | 1 |
_aLópez-Salazar Pérez, Jeronimo _968544 |
|
| 245 | 1 | 0 |
_aMesta, Pastos y Conflictos en el campo de Calatrava durante el siglo XVI. / _cJeronimo López-Salazar Pérez. |
| 260 |
_aMadrid, : _bConsejo Superior de Investigaciones Científicas _bCentro de Estudios Historicos, _bDepartamento de Historia Moderna, _c1987. |
||
| 300 |
_a211 p. ; _c24 cm. |
||
| 490 | 1 |
_aMonografías de Historia Moderna _v4 |
|
| 500 | _aIncluye notas y bibliografía a pie de página | ||
| 830 | 0 |
_aMonografías de Historia Moderna _v4 _963730 |
|
| 999 |
_c41208 _d41208 |
||